LEADER 00812nam a2200241 i 4500 001 000000165733 003 CaOOAMICUS 005 20071024000000.0 008 071024s1977 it u000 u ita u 013 $a143101 040 $aSeMil$bita 100 1 $aTomizza, Fulvio,$d<1935-1999>.$0(OLS)http://semarc/name/15445 245 13$aLa miglior vita /$cFulvio Tomizza. 250 $a3. Ed. 260 $aMilano :$bRizzoli,$c1977. 300 $a276 p. ;$c23 cm. 490 0 $aLa scala 830 3$aLa scala.$0(OLS)http://semarc/title/7359 850 $aSeMil 852 $aSeMil$W1$xVenegono$y1$m1B IV 226$j248689$B116916$CSeMilBibl$Z2$F127811 $81 961 $aRecupero: Altro 996 $6245$aLa miglior vita$9(OLS)http://semarc/title/236647 996 $6260$aMilano :$bRizzoli$9(OLS)http://semarc/publisher/29824 LEADER 01207nam a2200289 i 4500 001 000000072743 003 CaOOAMICUS 005 20110428000000.0 008 110428s1998 it u000 u ita u 013 $a43915 020 $a88-420-5346-5 040 $aSeMil$bita 100 1 $aFrugoni, Arsenio,$d<1914-1970>.$0(OLS)http://semarc/name/9508 245 10$aStoria di un giorno in una cittą medievale /$cArsenio e Chiara Frugoni. 250 $a3. ed. 260 $aRoma ;$aBari :$bGLF editori Laterza,$c1998 (copyr. 1997) 300 $a212 p. :$bill. a colori ;$c25 cm. 490 0 $aGrandi opere 650 4$aEuropa - Storia sociale.$0(OLS)http://semarc/subject/5803 700 1 $aFrugoni, Chiara,$d<1940-2022>.$0(OLS)http://semarc/name/33091 830 0$aGrandi opere.$0(OLS)http://semarc/title/11202 850 $aSeMil 852 $aSeMil$W1$xVenegono$y1$m3WA VI 21$j38896$B38896$CSeMilBibl$Z2$F38899 $81 961 $aAcquisto: Cittą Nuova 996 $6020$a88-420-5346-5$9(OLS)http://semarc/number/52095 996 $6245$aStoria di un giorno in una cittą medievale$9(OLS)http://semarc/title/117360 996 $6260$aRoma ;$aBari :$bGLF editori Laterza$9(OLS)http://semarc/publisher/37788